Lego Marvel Super Hero Sets - Statistics

General Stats
  • This quiz has been taken 27 times
  • The average score is 13 of 55
Answer Stats
Picture Answer % Correct
Avengers Tower
100%
Daily Bugle
100%
Infinity Gauntlet
70%
Black Panther
65%
The Avengers Quinjet
60%
Hulkbuster
45%
MARVEL Logo
45%
The Avengers Assemble: Age of Ultron
45%
The S.H.I.E.L.D. Helicarrier
45%
Captain America's Shield
40%
Sanctum Sanctorum
35%
Thor's Hammer
35%
X-Men: The X-Mansion
30%
X-Men X-Jet
30%
Avengers: Endgame Final Battle
25%
Miles Morales vs. Morbius
25%
Spider-Man Final Battle
25%
Star-Lord's Helmet
25%
The Goat Boat
25%
Gargantos Showdown
20%
Miles Morales vs. The Spot
20%
Rise of the Domo
20%
The Guardian's Ship
20%
The Hoopty
20%
The New Guardian's Ship
20%
Thor vs. Surtur Construction Figure
20%
Ant-Man Final Battle
15%
Ayesha's Revenge
15%
Bro Thor's New Asgard
15%
Hulk vs. Red Hulk
15%
Iron Man Armory
15%
The Milano Spaceship
15%
Battle at Ancient Village
10%
Beware the Vulture
10%
Black Panther Dragon Flyer
10%
Captain America vs. HYDRA
10%
Captain America vs. Red Hulk Battle
10%
Detroit Steel Strikes
10%
Ghost Rider Team-Up
10%
Hulk's Helicarrier Breakout
10%
Hydro-Man Attack
10%
Iron Man: Iron Monger Mayhem
10%
Iron Man: Malibu Mansion Attack
10%
King Namor's Throne Room
10%
Knowhere Escape Mission
10%
Molten Man Battle
10%
Rhino Face-Off by the Mine
10%
Spider-Man: Daily Bugle Showdown
10%
Super Hero Airport Battle
10%
The Ultimate Battle for Asgard
10%
Thor's Weapon Quest
10%
Web Warriors Ultimate Bridge Battle
10%
Wolverine's Chopper Showdown
10%
Black Widow's Helicopter Chase
5%
Spider-Man's Doc Ock Ambush
5%
No matching quizzes found
Score Distribution
Percent of People with Each Score
Percentile by Number Answered
Your Score History
You have not taken this quiz